Wszystkie kluby które wystąpiły w ekstraklasie od 2010 roku - Statystyki

Ogólne statystyki
  • Ten quiz został rozwiązany 336 razy
  • Średni wynik to 23 z 28
Statystyki odpowiedzi
# klub % Poprawnych
1 Legia Warszawa
100%
3 Lech Poznań
98%
4 Lechia Gdańsk
96%
7 Wisła Kraków
94%
5 Arka Gdynia
93%
8 Cracovia
93%
9 Jagiellonia
93%
13 Pogoń Szczecin
91%
17 Śląsk Wrocław
89%
11 Górnik Zabrze
88%
21 Widzew Łódź
88%
14 ŁKS Łódź
87%
12 Zagłębie Lubin
87%
10 Piast Gliwice
86%
16 Wisła Płock
85%
22 Ruch Chorzów
84%
6 Korona Kielce
82%
2 Polonia Warszawa
82%
15 Raków Częstochowa
82%
25 Zagłębie Sosnowiec
74%
24 Miedź Legnica
72%
23 Podbeskidzie
72%
18 Termalica
72%
20 GKS Bełchatów
68%
26 Górnik Łęczna
68%
28 Zawisza Bydgoszcz
64%
19 Sandecja
58%
27 Polonia Bytom
45%
Nie znaleziono quizów pasujących do podanych kryteriów
Rozkład punktacji
Procent ludzi z każdym wynikiem
Percentyl według liczby udzielonych odpowiedzi
Twoja historia wyników
Nie rozwiązałeś tego quizu